000 00471pab a2200169 454500
008 180718b2005 xxu||||| |||| 00| 0 eng d
100 _aBhattacharya, B.B.
245 _aThreats and opportunities in the higher education in the context of GATS
260 _c2005
300 _ap.15-16.
362 _a31 Oct
650 _aGeneral Agreement on Trade in Services
650 _aHigher education
700 _aBhunia, C.T.
773 _aUniversity News
909 _a67618
999 _c67618
_d67618